Mushroom Producing Countries Quiz Stats

Quiz Updated Apr 2, 2018

Also try: Find That Fruit!
Challenge
Share
Tweet
Embed
Score 0/20 Timer 06:00
4 Plays Today
Rank Country % Correct
3United States
97.6%
1China
95.7%
7France
95.2%
13Germany
92.2%
2Italy
90.8%
10United Kingdom
90.4%
6Spain
90.1%
9Canada
90.1%
16India
85.6%
12Japan
85%
Rank Country % Correct
5Poland
77.1%
14Australia
77.1%
4Netherlands
68%
18Turkey
66.4%
15Belgium
66.4%
11Ireland
63.5%
17Indonesia
62.1%
19South Korea
61.4%
20Vietnam
56.3%
8Iran
53.2%

You're not logged in!

Compare scores with friends on all Sporcle quizzes.
Join for Free
OR
Log In

You Might Also Like...

Show Comments

Extras

Top Quizzes Today


Score Distribution

Your Account Isn't Verified!

In order to create a playlist on Sporcle, you need to verify the email address you used during registration. Go to your Sporcle Settings to finish the process.

Report this User

Report this user for behavior that violates our Community Guidelines.

Details: